[Event "DDR-ch 27th"]
[Site "Eggesin/Torgelow"]
[Date "1978.??.??"]
[Round "4"]
[White "Enders, Peter"]
[Black "Liebert, Heinz"]
[Result "0-1"]
[WhiteElo "1825"]
[BlackElo "2420"]

1.e4 c5 2.Nf3 Nc6 3.Bb5 g6 4.O-O Bg7 5.Re1 Nf6 6.e5 Nd5 7.Nc3 Nc7 8.Bxc6 dxc6
9.Ne4 Ne6 10.b3 O-O 11.Ba3 b6 12.c3 Nf4 13.d4 Bg4 14.h3 Bxf3 15.Qxf3 Ne6
16.dxc5 Bxe5 17.Ng3 Bf6 18.Re3 Qc7 19.Qg4 Nxc5 20.Bxc5 bxc5 21.Qc4 Rad8 22.Ne4 Rd5
23.Nxc5 Rfd8 24.Rae1 Rd1 25.b4 Bg5 26.Re2 R8d5 27.a4 e6 28.g3 Rxe1+ 29.Rxe1 Be7
30.Nb3 Bd6 31.Kg2 Qb6 32.Nd4 Bxb4 33.Rb1 a5 34.Ne2 Qc5 35.Qf4 Ba3 36.Qf6 Qa7
37.Nd4 Qc7 38.h4 Bf8 39.c4 Rd7 40.Nb3 h5 41.Qg5 Bb4 42.Nc5 Rd4 43.Nxe6 fxe6
44.Qxg6+ Qg7 45.Qe8+ Qf8 46.Qxe6+ Qf7 47.Qxc6 Rxc4 48.Qa8+ Kg7 49.Qd8 Qe7
50.Qd1 Qe4+ 51.Kh2 Rc2 52.Qd7+ Kg6 53.Rf1 Bc5 54.Qd8 Qf5 55.Qg8+ Kh6 56.Qh8+ Kg6
57.Qd8 Kf7 58.Qc7+ Be7 59.Qb6 Bc5 60.Qb5 Rxf2+ 61.Rxf2 Qxf2+ 62.Kh3 Qf5+
63.Kg2 Qd5+  0-1

[Event "Wch U20"]
[Site "Graz"]
[Date "1978.??.??"]
[Round "2"]
[White "Ravikumar, Vaidyanathan"]
[Black "Kamel"]
[Result "1-0"]
[WhiteElo "2200"]
[BlackElo "2200"]

1.e4 c5 2.Nf3 Nc6 3.Bb5 g6 4.O-O Bg7 5.c3 Nf6 6.Re1 O-O 7.d4 cxd4 8.cxd4 d5
9.e5 Ne8 10.Nc3 Nc7 11.Bf1 Bg4 12.h3 Bxf3 13.gxf3 e6 14.f4 Qh4 15.Be3 h5
16.Rc1 Rac8 17.Na4 Qe7 18.Nc5 Na8 19.b3 Nb6 20.Qd2 Bh6 21.Rc2 Nb8 22.Rec1 Rc7
23.Qa5 Nc6 24.Qe1 Nb8 25.f5 Bxe3 26.f6 Bxf2+ 27.Qxf2 Qe8 28.Qf4 Kh7 29.Nxe6 Rxc2
30.Ng5+ Kh8 31.Rxc2 Nc6 32.Rg2  1-0

[Event "Wch U20"]
[Site "Graz"]
[Date "1978.??.??"]
[Round "9"]
[White "Dowden, R Anthony"]
[Black "Kamel"]
[Result "0-1"]
[WhiteElo "2200"]
[BlackElo "2200"]

1.e4 c5 2.Nf3 Nc6 3.Bb5 e6 4.O-O Nge7 5.Re1 a6 6.Ba4 b5 7.Bb3 c4 8.d4 cxb3
9.axb3 d5 10.e5 Bb7 11.Nbd2 Rc8 12.Nf1 Ng6 13.c3 Be7 14.g3 Qd7 15.Qd3 f6
16.h4 fxe5 17.h5 e4 18.Qb1 Nf8 19.N3h2 Bf6 20.Ng4 Qf7 21.h6 Qg6 22.Nfe3 gxh6
23.Nxf6+ Qxf6 24.Ng4 Qg6 25.Nxh6 Ne7  0-1

[Event "Wch U20"]
[Site "Graz"]
[Date "1978.??.??"]
[Round "12"]
[White "Dolmatov, Sergey"]
[Black "Santo Roman, Marc"]
[Result "1-0"]
[WhiteElo "2495"]
[BlackElo "2200"]

1.e4 c5 2.Nf3 Nc6 3.Bb5 g6 4.O-O Bg7 5.c3 a6 6.Ba4 b5 7.Bb3 e5 8.d4 exd4
9.cxd4 cxd4 10.Bf4 d6 11.a4 b4 12.Nbd2 Ne5 13.Nxd4 Ne7 14.Nc4 O-O 15.Nf3 Nxc4
16.Bxc4 Bxb2 17.Rb1 Bc3 18.Bxd6 a5 19.Bc5 Qc7 20.Qd6 Qxd6 21.Bxd6 Ra7 22.Rfd1 Rd8
23.Bxe7  1-0

[Event "Jakarta"]
[Site "Jakarta"]
[Date "1978.??.??"]
[Round "?"]
[White "Shirazi, Kamran G"]
[Black "Suradiradja, Herman"]
[Result "1-0"]
[WhiteElo "2285"]
[BlackElo "2330"]

1.e4 c5 2.Nf3 Nc6 3.Bb5 Nf6 4.e5 Nd5 5.c4 Ndb4 6.d3 a6 7.Ba4 Nd4 8.Nxd4 cxd4
9.O-O g6 10.Bf4 Bg7 11.Qe2 O-O 12.Nd2 Qa5 13.Bd1 d6 14.Nb3 Qd8 15.exd6 e5
16.Bxe5 Re8 17.Qd2 Bxe5 18.Qxb4 Bxd6 19.c5 Be5 20.Bf3 a5 21.Qb5 a4 22.c6 axb3
23.cxb7 Bxb7 24.Qxb7 Rb8 25.Qd5 Qf6 26.a4 Rbd8 27.Qc6 Re6 28.Qc1 h5 29.a5 Rb8
30.Bb7 Bf4 31.Qc4 Re2 32.a6 Qh4 33.g3 Qg5 34.a7 Bxg3 35.hxg3  1-0

[Event "Jakarta"]
[Site "Jakarta"]
[Date "1978.??.??"]
[Round "?"]
[White "Chiong, Luiz"]
[Black "Suradiradja, Herman"]
[Result "1-0"]
[WhiteElo "2400"]
[BlackElo "2330"]

1.e4 c5 2.Nf3 Nc6 3.Bb5 Nf6 4.e5 Nd5 5.Nc3 Nc7 6.Bxc6 dxc6 7.d3 g6 8.h3 Bg7
9.O-O O-O 10.Be3 b6 11.a4 a5 12.Qd2 Be6 13.Rfe1 Qd7 14.Bh6 f6 15.Ne4 Rf7
16.Bxg7 Kxg7 17.Rad1 h6 18.exf6+ exf6 19.c4 Bf5 20.Ng3 Be6 21.Qc3 Rd8 22.d4 Qc8
23.dxc5 Rxd1 24.Rxd1 bxc5 25.Ne4 Qa6 26.b3 Qb6 27.Rd6 Qb4 28.Qxb4 cxb4 29.Rxc6 Bf5
30.Nd6 Rd7 31.Rxc7  1-0

[Event "Leipzig ET17"]
[Site "Leipzig"]
[Date "1978.??.??"]
[Round "1"]
[White "Schurade, Matthias"]
[Black "Baumbach, Friedrich"]
[Result "1-0"]
[WhiteElo "2350"]
[BlackElo "2375"]

1.e4 c5 2.Nf3 Nc6 3.Bb5 g6 4.O-O Bg7 5.c3 Nf6 6.d4 cxd4 7.e5 Nd5 8.cxd4 O-O
9.Nc3 Nxc3 10.bxc3 d6 11.exd6 Qxd6 12.a4 Bg4 13.h3 Bxf3 14.Qxf3 Rfd8 15.Bg5 Rac8
16.Rfe1 Rd7 17.Bf4 Qd5 18.Qxd5 Rxd5 19.Bxc6 bxc6 20.Rxe7 c5 21.Rae1 Bf6 22.Re8+ Rxe8
23.Rxe8+ Kg7 24.dxc5 Bg5 25.Be5+ Bf6 26.Bg3  1-0

[Event "Leipzig ET17"]
[Site "Leipzig"]
[Date "1978.??.??"]
[Round "6"]
[White "Boehnisch, Manfred"]
[Black "Neckar, Lubomir"]
[Result "1-0"]
[WhiteElo "2365"]
[BlackElo "2340"]

1.e4 c5 2.Nf3 Nc6 3.Bb5 e6 4.O-O Nge7 5.c4 g6 6.d4 cxd4 7.Nxd4 Bg7 8.Be3 O-O
9.Nc3 d6 10.Qd2 Ne5 11.Qe2 Qc7 12.f4 N5c6 13.Nf3 Na5 14.Nd2 b6 15.Rac1 Bb7
16.f5 exf5 17.b4 Nac6 18.Nd5 Qd8 19.Bg5 f6 20.Be3 Nxd5 21.cxd5 Ne7 22.Bc6 Bxc6
23.dxc6 fxe4 24.Nxe4 d5 25.Rfd1 Qc7 26.Nf2 Rae8 27.Qf3 g5 28.b5 h6 29.h4 f5
30.hxg5 f4 31.Bd4 Bxd4 32.Rxd4 hxg5 33.Re1 Kg7 34.Qh5 Ng6 35.Rxe8 Rxe8 36.Ng4 Qf7
37.Qh6+ Kg8 38.Qxg5 Kg7 39.Rxd5 Re7 40.Qh6+  1-0

[Event "Makarczyk mem"]
[Site "Lodz"]
[Date "1978.??.??"]
[Round "15"]
[White "Inkiov, Ventzislav"]
[Black "Helmers, Knut J"]
[Result "1-0"]
[WhiteElo "2450"]
[BlackElo "2345"]

1.e4 c5 2.Nf3 Nc6 3.Bb5 Qb6 4.Nc3 e6 5.O-O Nge7 6.Re1 Nd4 7.a4 a6 8.Bc4 Ng6
9.d3 Nxf3+ 10.Qxf3 Bd6 11.Qh5 Qc7 12.Be3 O-O 13.a5 Nf4 14.Qg4 Ng6 15.h3 Be5
16.Na4 Bd4 17.Nb6 Rb8 18.Bxd4 cxd4 19.Bb3 e5 20.Nd5 Qd8 21.f4 exf4 22.Nxf4 d6
23.Qg3 Nxf4 24.Qxf4 Be6 25.Bxe6 fxe6 26.Qg4 Qf6 27.Qg3 e5 28.c3 dxc3 29.bxc3 b5
30.axb6 Rxb6 31.Rf1 Qd8 32.Rxf8+ Qxf8 33.Rf1 Qe7 34.Qf2 Rc6 35.Qa2+ Kh8 36.Qd5 Rc8
37.Rf7 Qe8 38.Ra7 Qf8 39.Rxa6 Rxc3 40.Ra8 Rc8 41.Rxc8 Qxc8 42.Qxd6 Qc1+ 43.Kf2 Qb2+
44.Kg3 h6 45.Qc5 Kh7 46.Kf3 Qa1 47.Kg3 Qe1+ 48.Qf2 Qc3 49.Kg4 Qc7 50.Qf5+ Kg8
51.Qe6+ Kh7 52.h4 Qc3 53.Kh5 Qxd3 54.Qf5+ Kg8 55.Qxe5 Qd1+ 56.g4 Kh7 57.Qf5+ Kh8
58.e5 Qd8 59.Kg6 Qg8 60.e6 Qa8 61.Kf7 Qd8 62.g5 hxg5 63.hxg5 Qc7+ 64.e7 Qc4+
65.Qe6 Qf1+ 66.Ke8 Qf3 67.Kd8 Qa8+ 68.Qc8 Qd5+ 69.Kc7+ Kh7 70.Qh3+  1-0

[Event "Lone Pine op"]
[Site "Lone Pine"]
[Date "1978.??.??"]
[Round "7"]
[White "Arnason, Asgeir T"]
[Black "Whitehead, Jay E"]
[Result "0-1"]
[WhiteElo "2350"]
[BlackElo "2245"]

1.e4 c5 2.Nf3 Nc6 3.Bb5 d6 4.O-O Bg4 5.c3 Nf6 6.d4 Qb6 7.Na3 a6 8.Ba4 cxd4
9.cxd4 Bxf3 10.Qxf3 Qxd4 11.Bxc6+ bxc6 12.e5 Ne4 13.exd6 exd6 14.Nc2 Qc4
15.Ne3 Qe6 16.Re1 g6 17.Ng4 f5 18.Nf6+ Qxf6 19.Rxe4+ Be7 20.Re2 d5 21.Bd2 Kf7
22.Rae1 Rhe8 23.Bc3 d4 24.Re6 dxc3 25.Rxf6+ Bxf6 26.Rb1 cxb2 27.g4 fxg4 28.Qb3+ Kg7
29.Rxb2 Bxb2 30.Qxb2+ Kh6 31.Qc1+ Kh5 32.Qxc6 Rf8 33.Qd7 Kh6 34.Qxg4 Rf6
35.Qh3+ Kg7 36.Qd7+ Kh8 37.Qd5 Raf8 38.Qd4 h5 39.Qd3 Kh7 40.Qd7+ R8f7 41.Qd3 a5
42.Qd8 a4 43.Qd4 Rf4 44.Qd1 h4 45.Qd8 R7f6 46.Qd1 a3 47.Qd7+ Kh6 48.Qd2 g5
49.Qd8 Rxf2 50.Qh8+ Kg6 51.Qg8+ Kh5 52.Qe8+ Kg4 53.Qd7+ R6f5 54.Qa4+ Kh3
55.Qd7 Rf1+  0-1

[Event "Lone Pine op"]
[Site "Lone Pine"]
[Date "1978.??.??"]
[Round "7"]
[White "Verduga, Denis Homero"]
[Black "Weinstein, Norman"]
[Result "1/2-1/2"]
[WhiteElo "2355"]
[BlackElo "2475"]

1.e4 c5 2.Nf3 Nc6 3.Bb5 e6 4.O-O Nge7 5.Re1 Ng6 6.Bxc6 bxc6 7.Nc3 Be7 8.b3 O-O
9.Bb2 e5 10.Ne2 d6 11.Ng3 Nf4 12.d3 Bg4 13.c3 Qd7 14.Re3 f6 15.h3 Be6 16.d4 cxd4
17.cxd4 a5 18.a4 Rfb8 19.Rc1 Ra6 20.Rcc3 Rab6 21.Nf1 Bf8 22.Ba3 Qf7 23.dxe5 Bxb3
24.Qc1 dxe5 25.Bxf8 Rxf8 26.Rxc6 Rxc6 27.Qxc6 Qc4 28.Qxc4+ Bxc4 29.N1d2 Rc8
30.h4 Be2 31.g3 Rc1+ 32.Kh2 Bxf3 33.Rxf3 Ne6 34.Nb3 Rc4 35.Nxa5 Rxa4 36.Nb7 Rxe4
37.Rc3 Rd4 38.Rc6 Rd7 39.Nd6 Kf8 40.h5 Nd4 41.Rc8+ Ke7 42.Ne4 h6 43.Kg2 f5
44.Nd2 Kf6 45.Nc4 e4 46.Rc5 Re7 47.Rd5 Nf3 48.Kh3 Ne5 49.Ne3 Re6 50.Rd8 Kg5
51.Rd5 Kxh5 52.g4+ Kg5 53.Nxf5 Kf4 54.Nxg7 Re7 55.Nh5+ Kf3 56.Ng3 Kxf2  1/2-1/2

[Event "CSR-ch"]
[Site "Marianske Lazne"]
[Date "1978.??.??"]
[Round "6"]
[White "Ambroz, Jan"]
[Black "Banas, Jan"]
[Result "1/2-1/2"]
[WhiteElo "2200"]
[BlackElo "2385"]

1.e4 c5 2.Nf3 Nc6 3.Bb5 d6 4.O-O Bd7 5.c3 Nf6 6.Qe2 a6 7.Ba4 e5 8.d4 b5 9.dxe5 Nxe5
10.Nxe5 dxe5 11.Bc2 Be7 12.Rd1 Qc7 13.Nd2 O-O 14.Nf1 Bc6 15.Bg5 Rfd8  1/2-1/2

[Event "Osijek"]
[Site "Osijek"]
[Date "1978.??.??"]
[Round "?"]
[White "Kurajica, Bojan"]
[Black "Sax, Gyula"]
[Result "1/2-1/2"]
[WhiteElo "2530"]
[BlackElo "2550"]

1.e4 c5 2.Nf3 Nc6 3.Bb5 g6 4.O-O Bg7 5.Re1 Nf6 6.c3 O-O 7.h3 a6 8.Bf1 e5
9.d4 cxd4 10.cxd4 exd4 11.Nxd4 Nxd4 12.Qxd4 Re8 13.e5 d6 14.Rd1 Nd7 15.Qxd6 Bxe5
16.Qb4 Qb6  1/2-1/2

[Event "Rubinstein mem"]
[Site "Polanica Zdroj"]
[Date "1978.??.??"]
[Round "14"]
[White "Bednarski, Jacek B"]
[Black "Bielczyk, Jacek"]
[Result "1/2-1/2"]
[WhiteElo "2365"]
[BlackElo "2380"]

1.e4 c5 2.Nf3 Nc6 3.Bb5 e6 4.Bxc6 bxc6 5.O-O Qc7 6.d3 d6 7.Qe2 Ne7 8.Nh4 g6
9.f4 f5 10.Bd2 Bg7 11.Bc3 Bd4+ 12.Bxd4 cxd4 13.exf5 Nxf5 14.Nxf5 gxf5 15.Nd2 Rb8
16.Rf3 Rg8 17.b3 Rg6 18.Rh3 Qg7 19.Rf1 c5 20.Rff3 Bb7 21.Rfg3 Kf7 22.Nc4 Rd8
23.Qh5 h6 24.Qh4 Qf6 25.Qh5 Qg7 26.Rxg6 Qxg6 27.Qe2 Ke7 28.Rg3 Qf7 29.Qd2 Bd5
30.Qa5 Rd7 31.Qb5 Kf6 32.Nd2 Rb7 33.Qa6 Qc7 34.Nc4 Bxc4 35.dxc4 Qb6 36.Qa4 Qb4
37.Qxb4 cxb4 38.Rg8 e5 39.fxe5+ dxe5 40.Rh8 Kg5 41.Re8 Kf4 42.Kf2 Rd7 43.g3+ Ke4  1/2-1/2

[Event "Rilton Cup"]
[Site "Stockholm"]
[Date "1978.??.??"]
[Round "3"]
[White "Angantysson, Haukur"]
[Black "Schneider, Lars Ake"]
[Result "1/2-1/2"]
[WhiteElo "2350"]
[BlackElo "2430"]

1.e4 c5 2.Nf3 Nc6 3.Bb5 g6 4.O-O Bg7 5.c3 Nf6 6.Re1 O-O 7.d4 cxd4 8.cxd4 d5
9.e5 Ne4 10.Bxc6 bxc6 11.Nbd2 c5 12.dxc5 Nxc5 13.Nb3 Nxb3 14.Qxb3 Be6 15.Qa4 Qd7
16.Qxd7 Bxd7 17.Bg5 e6 18.Rac1 Rfc8 19.Rxc8+ Rxc8 20.Rc1 Rxc1+ 21.Bxc1 f6
22.Bf4 g5 23.Bg3 g4 24.exf6 Bxf6 25.Ne5 Bb5 26.f4 gxf3 27.gxf3 Kg7 28.f4 Bxe5
29.fxe5 Kg6 30.Kf2 d4 31.Bh4 Kf5 32.Bf6 Ke4 33.Ke1 Kd3 34.Kd1 Bc4 35.a3 Bb3+
36.Kc1 a5 37.Bg5 a4 38.h4 Bd5 39.Bh6 Be4 40.Bg5 Bg6 41.Bh6 Ke4 42.Bg7 Ke3
43.Bh6+ Ke4  1/2-1/2

[Event "SWE-ch"]
[Site "SWE"]
[Date "1978.??.??"]
[Round "?"]
[White "Jansson, Borje"]
[Black "Cramling, Dan"]
[Result "1-0"]
[WhiteElo "2395"]
[BlackElo "2355"]

1.Nf3 c5 2.e4 Nc6 3.Bb5 g6 4.O-O Bg7 5.c3 a6 6.Bxc6 dxc6 7.d3 Nf6 8.Qe2 Bg4
9.Nbd2 Nd7 10.h3 Be6 11.Rd1 Ne5 12.Nxe5 Bxe5 13.Nf3 Bg7 14.Be3 Qa5 15.d4 cxd4
16.Nxd4 Bc8 17.a4 O-O 18.Nb3 Qe5 19.Bd4 Qg5 20.Qe3 Qxe3 21.Bxe3 b5 22.Na5 bxa4
23.Nxc6 Be6 24.Nxe7+ Kh8 25.Nd5 Rab8 26.Rd2 f5 27.Rxa4 fxe4 28.Nc7 Bb3 29.Rxa6 Rfc8
30.Bf4 Bc4 31.Ra7 Rd8 32.Rxd8+ Rxd8 33.Ra8 Rxa8 34.Nxa8 Bf6 35.Nb6 Bb3 36.Kf1 Kg7
37.Ke2 Kf7 38.Nd7 Be7 39.Ne5+ Ke6 40.Nc6 Bc5 41.Be3  1-0

[Event "SWE-ch"]
[Site "SWE"]
[Date "1978.??.??"]
[Round "?"]
[White "Helmertz, Per Inge"]
[Black "Renman, Nils Gustaf"]
[Result "0-1"]
[WhiteElo "2305"]
[BlackElo "2400"]

1.e4 c5 2.Nf3 Nc6 3.Bb5 g6 4.O-O Bg7 5.c3 Nf6 6.e5 Nd5 7.d4 cxd4 8.cxd4 a6
9.Bc4 Nb6 10.Bb3 d5 11.h3 O-O 12.Nc3 Kh8 13.Re1 f6 14.Bf4 fxe5 15.Bxe5 Nxe5
16.dxe5 e6 17.a4 Bd7 18.a5 Nc8 19.Ba4 Na7 20.h4 Rc8 21.h5 Bxa4 22.Rxa4 gxh5
23.Nh4 Qg5 24.Nf3 Qe7 25.Ne2 Nc6 26.Ng3 Qf7 27.Rh4 Nxe5 28.Rxe5 Bxe5 29.Nxe5 Qxf2+
30.Kh2 Rc2 31.Qg1 Qxg1+ 32.Kxg1 Rff2 33.Rh2 Rfd2 34.Nf1 Rd1 35.Rh3 Rxb2 36.Rg3 h6
37.Ng6+ Kg7 38.Nf4+ Kf7 39.Rf3 Ke7 40.Nxh5 e5 41.Rf5 Kd6 42.g4 e4 43.Rf6+ Ke5
44.Rxh6 e3  0-1

[Event "CAN-ch/zt"]
[Site "Toronto"]
[Date "1978.??.??"]
[Round "9"]
[White "Coudari, Camille"]
[Black "Biyiasas, Peter"]
[Result "1/2-1/2"]
[WhiteElo "2285"]
[BlackElo "2450"]

1.e4 c5 2.Nf3 Nc6 3.Bb5 e6 4.O-O Nge7 5.c3 a6 6.Ba4 b5 7.Bc2 Bb7 8.d4 cxd4
9.Nxd4 Nxd4 10.cxd4 g6 11.Nc3 Bg7 12.Re1 O-O 13.Bg5 f6 14.Bf4 Rc8 15.Bb3 Kh8
16.Qd2 Qb6 17.Rad1 Rfe8 18.h3 Nc6 19.Be3 Na5 20.d5 Nxb3 21.axb3 Qd6 22.dxe6 Qxd2
23.Rxd2 dxe6 24.f3 f5 25.Bd4 Rc7 26.Kf2 Bxd4+ 27.Rxd4 Ree7 28.Ke3 Kg7 29.Red1 f4+
30.Kf2 Kf6 31.Ne2 Rc2 32.R4d2 Rxd2 33.Rxd2 g5 34.h4 h6 35.hxg5+ hxg5 36.g3 fxg3+
37.Kxg3 Rc7 38.Nc3 Rh7 39.Nd1 Rh1 40.Ne3 Rg1+ 41.Kf2 Rc1  1/2-1/2

[Event "CAN-ch/zt"]
[Site "Toronto"]
[Date "1978.??.??"]
[Round "10"]
[White "Green Krotki, J."]
[Black "Lipnowski, Irvin"]
[Result "0-1"]
[WhiteElo "2200"]
[BlackElo "2390"]

1.e4 c5 2.Nf3 Nc6 3.Bb5 g6 4.O-O Bg7 5.c3 Nf6 6.Re1 O-O 7.d4 cxd4 8.cxd4 d5
9.e5 Ne4 10.Nc3 Nxc3 11.bxc3 Qa5 12.Qb3 Bg4 13.Bg5 Bxf3 14.gxf3 e6 15.Rab1 Qc7
16.Bxc6 bxc6 17.Qb7 Rfc8 18.Rb2 h6 19.Be7 Bf8 20.Bxf8 Kxf8 21.Reb1 c5 22.Qa6 cxd4
23.Rb7 Qxe5 24.Qa3+ Kg8 25.cxd4 Qxd4 26.Qe7 Qf4 27.Rxa7 Rxa7 28.Qxa7 Qxf3
29.a4 Rc4 30.Qb8+ Kh7 31.a5 Rg4+ 32.Kf1 Qd3+  0-1

[Event "Vilnius"]
[Site "Vilnius"]
[Date "1978.??.??"]
[Round "1"]
[White "Kaiszauri, Konstanty"]
[Black "Damjanovic, Mato"]
[Result "1-0"]
[WhiteElo "2420"]
[BlackElo "2455"]

1.e4 c5 2.Nf3 Nc6 3.Bb5 g6 4.O-O Bg7 5.Re1 Nf6 6.e5 Nd5 7.b3 Nc7 8.Bxc6 dxc6
9.d3 Bg4 10.Nbd2 O-O 11.Bb2 Ne6 12.h3 Bxf3 13.Nxf3 Qd5 14.Re4 f5 15.exf6 exf6
16.Qe2 Rae8 17.Re1 Nc7 18.Qd2 b6 19.R1e2 Ne6 20.Qe1 Kf7 21.Ba3 Qd7 22.d4 Bh6
23.dxc5 b5 24.Bb2 Nxc5 25.Rxe8 Rxe8 26.Rxe8 Qxe8 27.Qxe8+ Kxe8 28.Bxf6 Ne4
29.Bh8 c5 30.Kf1 Kd7 31.Ke2 Ke6 32.c4 bxc4 33.bxc4 Bf4 34.Ne1  1-0

[Event "URS-ch U26"]
[Site "Vilnius"]
[Date "1978.??.??"]
[Round "5"]
[White "Gavrikov, Viktor"]
[Black "Jussupow, Artur"]
[Result "1/2-1/2"]
[WhiteElo "2340"]
[BlackElo "2450"]

1.e4 c5 2.Nf3 Nc6 3.Bb5 g6 4.Bxc6 dxc6 5.h3 Bg7 6.d3 Nf6 7.Nc3 O-O 8.Be3 b6
9.Bf4 Be6 10.Qd2 Qc8 11.Be5 c4 12.d4 b5 13.Qe3 h6 14.O-O Kh7 15.Nh2 Ne8 16.Bxg7 Nxg7
17.b3 cxb3 18.cxb3 a5 19.Nf3 Qb7 20.Ne5 Rad8 21.Rac1 f6 22.Nd3 Qb6 23.Ne2 Bf7
24.Rfd1 Ne6 25.Nc5 Nxc5 26.Rxc5 Qxc5 27.dxc5 Rxd1+ 28.Kh2 e5 29.f4 Rfd8 30.fxe5 fxe5
31.Ng1 R1d2  1/2-1/2

[Event "URS-ch U26"]
[Site "Vilnius"]
[Date "1978.??.??"]
[Round "5"]
[White "Chekhov, Valery A"]
[Black "Panchenko, Alexander N"]
[Result "1/2-1/2"]
[WhiteElo "2470"]
[BlackElo "2495"]

1.e4 c5 2.Nf3 Nc6 3.Bb5 e6 4.Bxc6 bxc6 5.O-O Ne7 6.b3 Ng6 7.Bb2 Qc7 8.Re1 a5
9.a4 e5 10.c3 Be7 11.d4 cxd4 12.cxd4 d6 13.Qc2 O-O 14.Nbd2 Re8 15.Rac1 Bd7
16.Nc4 Bg4 17.dxe5 Bxf3 18.exd6 Bxd6 19.Nxd6 Qxd6 20.Qc3 Ne5 21.gxf3 Qf6
22.Kh1 Rad8 23.Red1 Qxf3+ 24.Qxf3 Nxf3 25.Rxd8 Rxd8 26.Kg2 Ng5 27.Rc4 f6
28.h4 Ne6 29.Rxc6 Kf7 30.Bc3 Rd3 31.Bxa5 Nf4+ 32.Kg1 Rxb3 33.Bd2 Ne6 34.Rc4 g5
35.h5 Ra3 36.Be3 Nf4 37.Rc7+ Ke6 38.Rxh7 Rxa4 39.h6 Rxe4 40.Rg7 Nd5 41.h7 Rh4  1/2-1/2

[Event "URS-ch U26"]
[Site "Vilnius"]
[Date "1978.??.??"]
[Round "6"]
[White "Kharitonov, Andrei Y"]
[Black "Vladimirov, Evgeny"]
[Result "1/2-1/2"]
[WhiteElo "2435"]
[BlackElo "2445"]

1.Nf3 c5 2.e4 Nc6 3.Bb5 g6 4.O-O Bg7 5.Qe2 e5 6.Bxc6 dxc6 7.h3 f6 8.d3 Nh6
9.a3 Nf7 10.b4 Bf8 11.c3 Be6 12.Be3 cxb4 13.axb4 a5 14.bxa5 Rxa5 15.Nbd2 Be7
16.c4 O-O 17.Nb3 Rxa1 18.Rxa1 f5 19.exf5 Bxf5 20.d4 Qb6 21.Qb2 Qb4 22.Nxe5 Nxe5
23.dxe5 Be6 24.Qc2 Bf5 25.Qb2 Be6 26.Qc2 Bf5 27.Qb2  1/2-1/2

[Event "URS-ch U26"]
[Site "Vilnius"]
[Date "1978.??.??"]
[Round "9"]
[White "Dolmatov, Sergey"]
[Black "Rastenis, Gedeminas"]
[Result "1-0"]
[WhiteElo "2495"]
[BlackElo "2200"]

1.e4 c5 2.Nf3 Nc6 3.Bb5 g6 4.O-O Bg7 5.c3 Nf6 6.Re1 O-O 7.d4 cxd4 8.cxd4 d6
9.h3 a6 10.Bf1 d5 11.e5 Ne4 12.Nc3 Nxc3 13.bxc3 Be6 14.a4 Rc8 15.Ba3 Na5
16.Bb4 Bh6 17.Bd3 Nc4 18.a5 Nb2 19.Qe2 Nxd3 20.Qxd3 Qd7 21.Nh2 Kh8 22.Qg3 g5
23.Ng4 Bg7 24.f4 gxf4 25.Qxf4 Rg8 26.Re3 Rc6 27.Rf1 Bf8 28.Nf6 exf6 29.Bxf8 Qd8
30.Bd6 Rg6 31.Kh1 f5 32.Rb1 Qxa5 33.Rg3 Qd8 34.Rxb7 Qg8 35.Rxg6 Qxg6 36.Rb8+ Rc8
37.Rxc8+ Bxc8 38.Qh4 h6 39.Qd8+ Qg8 40.Bf8  1-0

[Event "Wellington"]
[Site "Wellington"]
[Date "1978.??.??"]
[Round "?"]
[White "Shirazi, Kamran G"]
[Black "Torre, Eugenio"]
[Result "0-1"]
[WhiteElo "2285"]
[BlackElo "2490"]

1.e4 c5 2.Nf3 Nc6 3.Bb5 e6 4.O-O Nge7 5.Re1 a6 6.Bxc6 Nxc6 7.Nc3 d6 8.d4 cxd4
9.Nxd4 Be7 10.Be3 O-O 11.a4 Bd7 12.Nxc6 bxc6 13.a5 c5 14.Na4 Bxa4 15.Rxa4 Qd7
16.b3 Rfc8 17.e5 d5 18.Rg4 Rab8 19.Rg3 c4 20.Rh3 g6 21.Qf3 Qe8 22.Bh6 cxb3
23.cxb3 Rb4 24.Bd2 Rb7 25.Qf4 Qf8 26.Rb1 Rc2 27.Qd4 Bb4 28.Bh6 Qc8 29.Rf1 Bxa5
30.Qh4 Bd8 31.Qa4 Qc6 32.Qf4 a5 33.Rf3 Qc7 34.Qa4 Qd7 35.Qa3 Rb4 36.g3 Qc7
37.Re1 Be7 38.Qa1 Bc5 39.Qd1 Be7 40.Re2 Rxe2 41.Qxe2 Bf8 42.Bxf8 Kxf8 43.Qa6 Kg7
44.Re3 d4 45.Rf3 Rb8 46.Qe2 Rd8 47.Rd3 Rd5 48.f4 h5 49.Qb2 Qc5 50.Kg2 Qc6
51.Kh3 Qb5 52.Qd2 Rd7 53.Qd1 Qd5 54.Qe2 Qh1 55.Qg2 Qe1 56.Qf3 Rd8 57.Rd1 Qb4
58.Rd3 Rb8 59.Qe4 Qb6 60.Qf3 Rc8 61.Kg2 Rc5 62.Kh3 Rb5 63.Kg2 a4 64.bxa4 Rb2+
65.Kh3 Qc5 66.Qd1 Qc6 67.Rf3 Qc4 68.g4 Qa2 69.Qh1 hxg4+ 70.Kxg4 Rb1 71.Ra3 Qc2
72.Qf3 Rg1+  0-1

[Event "Zamardi"]
[Site "Zamardi"]
[Date "1978.??.??"]
[Round "?"]
[White "Kaikamdzozov, Jivko"]
[Black "Szabo, Iuliu"]
[Result "0-1"]
[WhiteElo "2330"]
[BlackElo "2355"]

1.e4 c5 2.Nf3 Nc6 3.Bb5 g6 4.O-O Bg7 5.Re1 Nf6 6.c3 a6 7.Bxc6 dxc6 8.d4 cxd4
9.cxd4 Bg4 10.Nc3 Bxf3 11.gxf3 Nh5 12.Be3 O-O 13.Qb3 b5 14.Red1 Qd7 15.Kg2 Kh8
16.d5 f5 17.dxc6 Qxc6 18.Nd5 fxe4 19.fxe4 e6 20.Rac1 Qb7 21.Rc7 Qb8 22.Rxg7 Nxg7
23.Nb6 Qe5 24.f3 Qh5 25.Bd4 Rad8 26.Qc3 Kg8 27.Bxg7 Rxd1 28.Bxf8 Qg5+ 29.Kh3 Kxf8
30.Qh8+ Ke7 31.Qxh7+ Kd8 32.Qg8+ Kc7 33.Qxe6 Qh6+ 34.Kg3 Rg1+ 35.Kf2 Qxh2+
36.Ke3 Re1+ 37.Kd3 Qe2+ 38.Kc3 Rc1+ 39.Kb4 Qxb2+  0-1

[Event "AUT-ch"]
[Site "AUT"]
[Date "1979.??.??"]
[Round "6"]
[White "Fischbacher, J."]
[Black "Roehrl, Karl"]
[Result "0-1"]
[WhiteElo "2200"]
[BlackElo "2370"]

1.e4 c5 2.Nf3 Nc6 3.Bb5 g6 4.O-O Bg7 5.c3 Qb6 6.Bxc6 Qxc6 7.Re1 Nf6 8.e5 Nd5
9.d4 c4 10.Nbd2 b5 11.Qe2 O-O 12.a4 a6 13.axb5 axb5 14.Rxa8 Qxa8 15.Qe4 Qc6
16.Qh4 f5 17.Nf1 f4 18.e6 Rf5 19.g4 fxg3 20.Qxg3 dxe6 21.Ne5 Bxe5 22.Rxe5 Bb7
23.Bh6 Nxc3 24.d5 Nxd5 25.Rxf5 exf5 26.Qb8+ Kf7 27.Qf8+ Ke6 28.Bg5 Nf6 29.f3 Qxf3
30.Ne3 Qh1+ 31.Kf2 Qxh2+ 32.Ke1 Qg1+  0-1

[Event "AUT-ch"]
[Site "AUT"]
[Date "1979.??.??"]
[Round "7"]
[White "Roth, Peter"]
[Black "Wittmann, Walter"]
[Result "0-1"]
[WhiteElo "2300"]
[BlackElo "2360"]

1.e4 c5 2.Nf3 Nc6 3.Bb5 g6 4.O-O Bg7 5.Re1 Nf6 6.c3 O-O 7.Na3 a6 8.Bxc6 dxc6
9.Qe2 Qc7 10.d3 b6 11.h3 a5 12.Nc2 e5 13.Ne3 Ba6 14.c4 Rad8 15.g4 Bc8 16.Nh2 Qd6
17.Rd1 Ne8 18.Kh1 Nc7 19.Ng2 Ne6 20.Be3 Kh8 21.Rd2 Nd4 22.Bxd4 cxd4 23.Nf1 f5
24.f3 Rf7 25.Ng3 Bh6 26.Rdd1 Bf4 27.Nxf4 exf4 28.Nf1 fxg4 29.hxg4 h5 30.Kg1 hxg4
31.fxg4 Kg7 32.Qf3 Rh8 33.Rd2 Rh4 34.Rg2 g5 35.Rd1 c5 36.Kf2 Qh6 37.Ke1 Rh3
38.Qf2 Kg6 39.Rd2 Rh7 40.Nh2 Re3+ 41.Kd1 Qh3 42.Kc2 Rh4 43.Nf1 Rf3 44.Qg1 Rxg4
45.Rxg4 Bxg4 46.Rg2 Rxf1 47.Qxf1 f3 48.Rf2 Qxf1 49.Rxf1 Bh5 50.e5 g4 51.e6 g3
52.Rh1 f2 53.Rxh5 f1=Q 54.Re5 Qf2+ 55.Kb3 Qf4 56.Re2 Qf3  0-1

[Event "JUG-34ch"]
[Site "Bjelovar"]
[Date "1979.??.??"]
[Round "6"]
[White "Arapovic, Vitomir"]
[Black "Matulovic, Milan"]
[Result "0-1"]
[WhiteElo "2420"]
[BlackElo "2510"]

1.e4 c5 2.Nf3 Nc6 3.Bb5 g6 4.O-O Bg7 5.Re1 Nf6 6.Nc3 O-O 7.e5 Ne8 8.Bxc6 dxc6
9.d3 Bg4 10.h3 Bxf3 11.Qxf3 Nc7 12.Qg3 Ne6 13.f4 Nd4 14.Qf2 f6 15.Ne4 fxe5
16.c3 exf4 17.Nxc5 b6 18.Ne4 c5 19.Qh4 Nc2 20.Ng5 h6 21.Ne6 Qxd3 22.Nxf8 Nxe1
23.Nxg6 Nc2 24.Nxe7+ Kh7 25.Rb1 Ne3 26.Qxf4 Rf8 27.Qxe3 Rf1+ 28.Kh2 Qxe3
29.Bxe3 Be5+  0-1

[Event "BCF-ch"]
[Site "Chester"]
[Date "1979.??.??"]
[Round "1"]
[White "Knox, Victor W"]
[Black "Muir, Andrew J"]
[Result "1-0"]
[WhiteElo "2345"]
[BlackElo "2200"]

1.e4 c5 2.Nf3 Nc6 3.Bb5 g6 4.O-O Bg7 5.c3 Nf6 6.Re1 O-O 7.d4 cxd4 8.e5 Nd5
9.cxd4 d6 10.h3 a6 11.Bf1 h6 12.Bd2 Be6 13.Nc3 Rc8 14.Ne4 Kh7 15.Bd3 Qd7
16.Qe2 Ncb4 17.Bxb4 Nxb4 18.Bb1 Bc4 19.Qd2 Nc6 20.Qf4 Bd5 21.h4 Nxd4 22.exd6 Nxf3+
23.Qxf3 exd6 24.h5 Bxb2 25.Nf6+ Bxf6 26.Qxf6 Kg8 27.hxg6 fxg6 28.Qd4 Bf7
29.Qh4 Rce8 30.Rxe8 Rxe8 31.Qxh6 Re1+ 32.Kh2 Re5 33.Bxg6 Bxg6 34.Qxg6+ Kf8
35.Rd1 Qe6 36.Qxe6 Rxe6 37.f4 Ke7 38.Rd2 Re3 39.g3 b5 40.Kh3 a5 41.Kh4 b4
42.g4 a4 43.Rd4 Ra3 44.Rxb4 Rxa2 45.Kg5 a3 46.Ra4 Ra1 47.Ra7+ Ke6 48.f5+ Ke5
49.f6 a2 50.Re7+ Kd4 51.Re2 d5 52.Rf2 Ke3 53.f7 Kxf2 54.f8=Q+ Ke3 55.Qa3+  1-0

[Event "BCF-ch"]
[Site "Chester"]
[Date "1979.??.??"]
[Round "3"]
[White "Short, Nigel D"]
[Black "Quigley, S."]
[Result "1-0"]
[WhiteElo "2260"]
[BlackElo "2270"]

1.e4 c5 2.Nf3 Nc6 3.Bb5 g6 4.O-O Bg7 5.Re1 e5 6.c3 Nge7 7.d3 a6 8.Bc4 b5
9.Bb3 O-O 10.Be3 d6 11.a3 h6 12.h3 Kh7 13.d4 c4 14.Bc2 Bb7 15.dxe5 dxe5 16.Nbd2 Qc7
17.a4 Nd8 18.axb5 axb5 19.Rxa8 Bxa8 20.Qa1 Ne6 21.b4 cxb3 22.Bxb3 Nc5 23.Bc2 f5
24.Qa3 Ne6 25.exf5 gxf5 26.Rd1 Kh8 27.Nh4 Kg8 28.Nxf5 Nxf5 29.Bxf5 Bd5 30.Be4 Bxe4
31.Nxe4 Qc6 32.Qd6 Rc8 33.Rd5 Qxd6 34.Rxd6 Nf4 35.Bd2 Rc4 36.f3 Ra4 37.Rb6 Ra5
38.Rb7  1-0

[Event "BCF-ch"]
[Site "Chester"]
[Date "1979.??.??"]
[Round "7"]
[White "Wells, Ian Duncan"]
[Black "Povah, Nigel E"]
[Result "0-1"]
[WhiteElo "2200"]
[BlackElo "2325"]

1.e4 c5 2.Nf3 Nc6 3.Bb5 g6 4.O-O Bg7 5.Re1 Nf6 6.c3 O-O 7.d4 cxd4 8.cxd4 d5
9.e5 Ne4 10.Nbd2 Nxd2 11.Bxd2 Bg4 12.Bxc6 bxc6 13.h3 Bxf3 14.Qxf3 Qb6 15.Qc3 Rab8
16.b3 f6 17.Bf4 fxe5 18.Bxe5 Bxe5 19.Rxe5 Rf4 20.Rd1 Rbf8 21.Rd2 R8f7 22.Qe3 Qb4
23.Re6 c5 24.Rxe7 cxd4 25.Re8+ Kg7 26.Qe5+ Kh6 27.Rd3 Qb5 28.Rg3 R7f5 29.Qe7 Qc6
30.Rd8 Re4 31.Qa3 Qc2 32.Kh2 Re1 33.f3 Qd1 34.Rxg6+ hxg6 35.Rh8+ Kg7  0-1